Statistics for TOP 100 - Extreme Demons - 2020

Click here to take the quiz!

General Stats

  • This quiz has been taken 46 times
  • The average score is 69 of 100

Answer Stats

Hint Answer % Correct
1Zodiac
96%
5Bloodlust
96%
2Kenos
92%
23Yatagarasu
88%
18Sonic Wave
88%
13Plasma Pulse Finale
88%
12Ragnarok
84%
22Sigma
84%
16Ouroboros
84%
14The Yandere
84%
15Gamma
84%
9Deimos
84%
3Crimson Planet
84%
30ZAPHKIEL
80%
61Black Blizzard
80%
63Belloq
80%
6Calculator Core
80%
19Generic Wave
80%
49Artificial Ascent
80%
10Arctic Lights
80%
65Astral Divinity
80%
85The Hell Zone
80%
56Cadrega Mode
76%
89Phobos
76%
36Freedom08
76%
43Killbot
76%
39Auditory Breaker
76%
86Carnage Mode
76%
67Subsonic
76%
34Digital Descent
76%
17Hyper Paracosm
76%
4Renevant
76%
29WOW
76%
11Visible Ray
76%
24Macabre
76%
31Celestial Force
72%
7Lucid Nightmares
72%
8Kowareta
72%
71distraught
72%
75Ithacropolis
72%
76The Hell World
72%
52Ziroikabi
72%
20Spacial Rend
72%
44Catalyze
72%
26Erebus
72%
95Blade of Justice
72%
37Cadrega City
72%
68Anoxysm
72%
91Sakupen Hell
68%
60The Hell Field
68%
90Super Probably Level
68%
42Paroxysm
68%
64Audio Expulsion
68%
48Ziroikapi
68%
35Sunset Sandstorm
68%
96Betrayal of Fate
68%
57Rate Demon
68%
62Hatred
68%
81The Hell Origin
68%
80Mystic
64%
70Shock Therapy
64%
77TeaM Z
64%
82EnvY
64%
97Artifice
64%
99ATMarbl
64%
73Athanatos
64%
51BBBBBBBBBBBBBBBBBBBB
64%
100Epsilon
64%
59Bausha Vortex
64%
21Tapwreck
64%
25Titan Complex
64%
28Necromancer
64%
40Factory Realm X
64%
69Infernal Abyss
60%
58BuTiTi III
60%
98Esencia
60%
27Devil Vortex
60%
53Quantum Processing
60%
78MadMansion
60%
93Ancestral Calamity
60%
47Missing Benefits
60%
41Demonicat
56%
66SINGULARITY
56%
45Photovoltaic II
56%
72SPEEDRUN
56%
74Breakout Redux
56%
83Arctic Arena
52%
55Glowy
52%
54Furious Flames
52%
50Fabrication
52%
84Asmodeus
52%
33Step To Hell
52%
32Dark Flare
48%
38Stalemate Redux
48%
87VendetTa
48%
46Delta Interface
48%
79Surge of Memories
44%
94Silentium Gradas
44%
92Extinction
44%
88Dimension Breaker
40%

Score Distribution

Percentile by Number Answered

Percent of People with Each Score

Your Score History

You have not taken this quiz